|
|
|
|
| LEADER |
00000nam a2200000 a 4500 |
| 001 |
UCZ8937 |
| 003 |
CL-VaPUC |
| 008 |
960126e19460000AG |||||||||||||||||spa|d |
| 082 |
0 |
4 |
|a 155.2
|b THI
|2 21
|
| 100 |
0 |
|
|a Thibon, Gustavo
|e author
|9 354215
|
| 245 |
1 |
3 |
|a La ciencia del carácter
|
| 300 |
|
|
|a 162 p
|
| 942 |
|
|
|c BK
|
| 945 |
|
|
|d 19960126 00:00:00
|a rleighto
|
| 260 |
|
|
|a Buenos Aires
|b Debebec
|c 1946
|
| 600 |
|
0 |
|a Freud, Sigmund
|e author
|9 307892
|
| 600 |
|
0 |
|a Klages, Ludwig
|d 1872-1956
|9 354216
|
| 600 |
|
0 |
|a Tomás de Aquino
|d 1220-1274
|c Santo
|9 255832
|
| 650 |
|
0 |
|a Psicología
|9 257863
|
| 650 |
|
7 |
|a CARACTER
|2 CL-VaPUC
|9 308186
|
| 650 |
|
0 |
|a Metafísica
|9 265649
|
| 650 |
|
7 |
|a CARACTEROLOGIA
|2 CL-VaPUC
|9 336402
|
| 650 |
|
0 |
|a Psicología individual
|9 309049
|
| 650 |
|
0 |
|a Personalidad
|9 307255
|
| 583 |
|
|
|a last modification
|c 19960126 00:00:00
|k Rodrigo Vera
|
| 999 |
|
|
|c 244611
|d 244609
|
| 952 |
|
|
|0 0
|1 0
|4 0
|6 155_200000000000000_THI_1946
|7 0
|8 P
|9 258725
|a BIBEDU
|b BIBEDU
|c BIBEDU_PB
|d 2019-11-19
|i 3172511
|o 155.2 THI 1946
|p 3172511
|r 2024-01-25
|w 2019-11-19
|y BK
|k FIL
|